ARRUPE JESUIT UNIVERSITY

CORONAVIRUS -STOP THE SPREAD - CLEAN,DISINFECT,COVER

Who's who in the ancient world; (Record no. 128802)

MARC details
000 -LEADER
fixed length control field 00994nam a2200301 4500
001 - CONTROL NUMBER
control field 3627175
003 - CONTROL NUMBER IDENTIFIER
control field ARRUPE
005 - DATE AND TIME OF LATEST TRANSACTION
control field 20190123135952.0
008 - FIXED-LENGTH DATA ELEMENTS--GENERAL INFORMATION
fixed length control field 740415s1973 enkabj bd 001 0ceng
010 ## - LIBRARY OF CONGRESS CONTROL NUMBER
LC control number 74161490
015 ## - NATIONAL BIBLIOGRAPHY NUMBER
National bibliography number GB73-22443
020 ## - INTERNATIONAL STANDARD BOOK NUMBER
International Standard Book Number 0140510559
040 ## - CATALOGING SOURCE
Original cataloging agency DLC
Transcribing agency DLC
Modifying agency DLC
043 ## - GEOGRAPHIC AREA CODE
Geographic area code aw-----
-- e------
-- gr-----
050 00 - LIBRARY OF CONGRESS CALL NUMBER
Classification number SPC. DE7
Item number .R33 1973
082 00 - DEWEY DECIMAL CLASSIFICATION NUMBER
Classification number 920/.038
300 ## - PHYSICAL DESCRIPTION
Other physical details illus., geneal. tables, maps.
Dimensions 20 cm.
100 1# - MAIN ENTRY--PERSONAL NAME
Personal name Radice, Betty.
9 (RLIN) 19937
245 10 - TITLE STATEMENT
Title Who's who in the ancient world;
Remainder of title a handbook to the survivors of the Greek and Roman classics,
Statement of responsibility, etc selected with an introduction by Betty Radice.
250 ## - EDITION STATEMENT
Edition statement Revised [ed.]
260 ## - PUBLICATION, DISTRIBUTION, ETC. (IMPRINT)
Place of publication, distribution, etc Harmondsworth,
Name of publisher, distributor, etc Penguin,
Date of publication, distribution, etc 1973.
300 ## - PHYSICAL DESCRIPTION
Extent 336, [32] p.
350 ## - PRICE (NR) (BK AM CF MU VM SE) [OBSOLETE]
Price £0.60
490 0# - SERIES STATEMENT
Series statement Penguin reference books
500 ## - GENERAL NOTE
General note Includes index.
504 ## - BIBLIOGRAPHY, ETC. NOTE
Bibliography, etc Bibliography: p. 45-[46]
650 #0 - SUBJECT ADDED ENTRY--TOPICAL TERM
Topical term or geographic name as entry element Classical biography.
9 (RLIN) 44095
906 ## - LOCAL DATA ELEMENT F, LDF (RLIN)
a 7
b cbc
c orignew
d 4
e ncip
f 19
g y-gencatlg
942 ## - ADDED ENTRY ELEMENTS (KOHA)
Source of classification or shelving scheme Library of Congress Classification
Koha item type SPC
Holdings
Withdrawn status Lost status Source of classification or shelving scheme Damaged status Not for loan Collection code Home library Current library Shelving location Date acquired Total Checkouts Full call number Barcode Date last seen Price effective from Koha item type
    Library of Congress Classification     SPECIAL Collection ARRUPE LIBRARY ARRUPE LIBRARY REFERENCE 23/01/2019   SPC. DE7 .R33 1973 46600002452 23/01/2019 23/01/2019 SPC

 

Arrupe Library. PO Box MP320 Mt Pleasant, Harare, Zimbabwe
263 242 745411|librarian@aju.ac.zw